[Event "HSK Osteropen 2024"]
[Site "Hamburg"]
[Date "2024.03.29"]
[Round "1.1"]
[White "Bachschisade, Elvin"]
[Black "Woelk, Tom-Frederic"]
[Result "0-1"]
[WhiteElo "1791"]
[BlackElo "2345"]
[PlyCount "34"]
[EventDate "2024.03.29"]

1. c4 e6 2. b3 d5 3. cxd5 exd5 4. Bb2 Nf6 5. g3 c5 6. d4 cxd4 7. Qxd4 Nc6 8.
Qe3+ Be6 9. Nf3 Bb4+ 10. Nbd2 O-O 11. a3 Ng4 12. Qd3 Bc5 13. e3 Re8 14. Ng5
Qxg5 15. Qc2 Bxe3 16. f4 Bxf4 17. gxf4 Bf5+ 0-1

[Event "HSK Osteropen 2024"]
[Site "Hamburg"]
[Date "2024.03.29"]
[Round "1.2"]
[White "Popvasilev, Kaloyan"]
[Black "Trede, Rouven-Peer"]
[Result "1-0"]
[WhiteElo "2226"]
[BlackElo "1785"]
[PlyCount "129"]
[EventDate "2024.03.29"]

1. e4 c5 2. Nc3 d6 3. d4 cxd4 4. Qxd4 Nc6 5. Qd2 g6 6. b3 Bh6 7. f4 e5 8. Nb5
Bxf4 9. Qxd6 Qxd6 10. Nxd6+ Kf8 11. Ba3 Nge7 12. Nf3 Kg7 13. Bd3 a5 14. c3 a4
15. b4 f6 16. Ke2 Nd8 17. b5 Be6 18. Rhd1 Nc8 19. Nc4 Nf7 20. g3 Bh6 21. Kf2
Rd8 22. Be2 Bxc4 23. Bxc4 Nb6 24. Be2 Rac8 25. Bb4 Rd7 26. Ba5 Rxd1 27. Rxd1
Nc4 28. Bb4 Be3+ 29. Kg2 Nb6 30. Ne1 Ng5 31. Bd3 Ne6 32. Nc2 Bc5 33. Ba5 Kf7
34. Nb4 Nc7 35. Kf3 Ke7 36. Ke2 Rd8 37. Bc2 Rxd1 38. Bxd1 a3 39. Nd3 Bg1 40.
Kf1 Be3 41. Ke2 Bg1 42. Nf2 Nxb5 43. Bxb6 Nxc3+ 44. Kd2 Nxe4+ 45. Nxe4 Bxb6 46.
Nc3 Bd4 47. Bf3 b6 48. Ne2 Bb2 49. Kd3 f5 50. Kc4 Kd6 51. Bd5 g5 52. Bg8 h6 53.
Bh7 f4 54. Be4 h5 55. h3 Ke6 56. g4 hxg4 57. hxg4 Kd6 58. Ng1 Ke6 59. Nf3 Kf6
60. Kb5 Bd4 61. Nd2 Ke6 62. Nc4 Bc5 63. Nxb6 Be3 64. Nc4 Bc1 65. Kb4 1-0

[Event "HSK Osteropen 2024"]
[Site "Hamburg"]
[Date "2024.03.29"]
[Round "1.3"]
[White "Lasschuit, Rene"]
[Black "Holinka, Henning"]
[Result "0-1"]
[WhiteElo "1763"]
[BlackElo "2183"]
[PlyCount "58"]
[EventDate "2024.03.29"]

1. Nf3 d5 2. c4 e6 3. g3 Nf6 4. Bg2 c5 5. cxd5 exd5 6. d4 Nc6 7. O-O h6 8. Nc3
Be6 9. Qa4 Be7 10. Rd1 O-O 11. Bf4 g5 12. Be5 Nd7 13. e4 Ndxe5 14. Nxe5 Nxd4
15. exd5 Bf5 16. Nb5 Bc2 17. b3 Ne2+ 18. Kf1 Bxd1 19. Rxd1 a6 20. Qe4 axb5 21.
Qxe2 Bf6 22. Ng4 Bg7 23. Qxb5 f5 24. Ne3 Bd4 25. Qxb7 Rxa2 26. Qc6 Rf6 27. d6
Rxd6 28. Bd5+ Kh8 29. Qb7 f4 0-1

[Event "HSK Osteropen 2024"]
[Site "Hamburg"]
[Date "2024.03.29"]
[Round "1.4"]
[White "Keyser, Robin"]
[Black "Yasar, Hamit"]
[Result "1-0"]
[WhiteElo "2149"]
[BlackElo "1761"]
[PlyCount "97"]
[EventDate "2024.03.29"]

1. d4 Nf6 2. Nf3 g6 3. c4 Bg7 4. g3 e6 5. Bg2 d5 6. O-O O-O 7. Qc2 c6 8. Rd1
Nbd7 9. Nbd2 Re8 10. e4 dxe4 11. Nxe4 Nxe4 12. Qxe4 Nf6 13. Qc2 Qc7 14. Bf4 Qb6
15. Be5 Ng4 16. Bxg7 Kxg7 17. Ne5 Nh6 18. Qc3 f6 19. Nf3 Nf7 20. Re1 c5 21.
dxc5 Qxc5 22. Rad1 e5 23. b4 Qc7 24. c5 Bg4 25. h3 Be6 26. a4 Rad8 27. b5 Rd5
28. Rxd5 Bxd5 29. h4 Rc8 30. Rc1 Qe7 31. Nd2 Bxg2 32. Kxg2 Qd7 33. Kg1 Nd8 34.
Nb3 Ne6 35. Qf3 b6 36. c6 Qc7 37. Qd5 Kf7 38. a5 Rd8 39. Qc4 Ke7 40. axb6 axb6
41. Ra1 Nd4 42. Nxd4 Rxd4 43. Qg8 Kd6 44. Qf8+ Kd5 45. Qxf6 Kc4 46. Rb1 Rd6 47.
Qf3 Rd3 48. Rb4+ Kxb4 49. Qxd3 1-0

[Event "HSK Osteropen 2024"]
[Site "Hamburg"]
[Date "2024.03.29"]
[Round "1.6"]
[White "Kahlert, Thomas"]
[Black "Seum, Ferdinand"]
[Result "1-0"]
[WhiteElo "2122"]
[BlackElo "1747"]
[PlyCount "66"]
[EventDate "2024.03.29"]

1. d4 Nf6 2. Nf3 e6 3. c4 Bb4+ 4. Bd2 c5 5. Bxb4 cxb4 6. g3 O-O 7. Bg2 d6 8.
O-O Re8 9. a3 bxa3 10. Nxa3 Nc6 11. Qb3 e5 12. e3 e4 13. Nd2 Qe7 14. Nb5 b6 15.
Qa3 Rd8 16. Nc3 Bf5 17. Nd5 Nxd5 18. cxd5 Na5 19. b4 Nb7 20. Rfc1 Bg6 21. Qa6
f5 22. Rc3 Bf7 23. Nc4 Bxd5 24. Na3 Be6 25. Rac1 d5 26. Rc7 Qxb4 27. Qxb7 Qf8
28. Nb5 Rdb8 29. Qc6 Bf7 30. Rxa7 Rxa7 31. Nxa7 Qa3 32. Nb5 Qa6 33. Bf1 Qa5 1-0

[Event "HSK Osteropen 2024"]
[Site "Hamburg"]
[Date "2024.03.29"]
[Round "1.7"]
[White "Klaeke, Gregor"]
[Black "Moser, Axel"]
[Result "0-1"]
[WhiteElo "1744"]
[BlackElo "2087"]
[PlyCount "90"]
[EventDate "2024.03.29"]

1. e4 e5 2. Nf3 Nc6 3. Bb5 a6 4. Ba4 Nf6 5. O-O Be7 6. d3 b5 7. Bb3 d6 8. Be3
Na5 9. c3 Nxb3 10. Qxb3 O-O 11. Nbd2 c5 12. a4 Rb8 13. a5 Qc7 14. Qc2 h6 15. c4
b4 16. Nb3 Ng4 17. Bd2 f5 18. exf5 Bxf5 19. h3 Nf6 20. Nh4 Bh7 21. g3 Qd7 22.
Kh2 e4 23. Be3 exd3 24. Qd1 Qe6 25. Nd2 Ne4 26. Ng2 Nxd2 27. Bxd2 Qxc4 28. Rc1
Qf7 29. b3 Qf3 30. Qe1 Be4 31. Rg1 Rbe8 32. h4 d5 33. Bxh6 gxh6 34. Qd2 Kh7 35.
Nf4 Bd6 36. Ng2 Qxf2 37. Qxf2 Rxf2 38. Kh3 Bxg2+ 39. Rxg2 Rxg2 40. Kxg2 Re3 41.
g4 d2 42. Rd1 Bf4 43. Rxd2 Rg3+ 44. Kf2 Bxd2 45. Kxg3 c4 0-1

[Event "HSK Osteropen 2024"]
[Site "Hamburg"]
[Date "2024.03.29"]
[Round "1.8"]
[White "Zenker, Ulrich"]
[Black "Grillmaier, Alexander"]
[Result "1-0"]
[WhiteElo "2115"]
[BlackElo "1728"]
[PlyCount "81"]
[EventDate "2024.03.29"]

1. Nf3 Nc6 2. d4 d5 3. e3 Bg4 4. Be2 e6 5. Nbd2 Bd6 6. c4 dxc4 7. Nxc4 Nge7 8.
O-O O-O 9. b3 Nd5 10. Bb2 Nb6 11. Nxd6 cxd6 12. Qd2 d5 13. a4 Qf6 14. Rfc1 a5
15. Ba3 Rfc8 16. Bd6 Nd7 17. Ra2 Qd8 18. Rac2 Nf6 19. Ba3 Ne4 20. Qe1 Nb4 21.
Rxc8 Rxc8 22. Rxc8 Qxc8 23. Qc1 Qxc1+ 24. Bxc1 Nc3 25. Bf1 Bxf3 26. gxf3 f5 27.
Bd2 Nb1 28. Be1 b6 29. Bb5 Nc2 30. Kf1 Nba3 31. Bd3 g5 32. Ke2 Kf7 33. Bd2 Nb4
34. Bxb4 axb4 35. e4 Kf6 36. exd5 exd5 37. f4 g4 38. f3 h5 39. Kf2 h4 40. fxg4
fxg4 41. Ke3 1-0

[Event "HSK Osteropen 2024"]
[Site "Hamburg"]
[Date "2024.03.29"]
[Round "1.9"]
[White "Gufeng, Mi"]
[Black "Reddmann, Hauke"]
[Result "0-1"]
[WhiteElo "1723"]
[BlackElo "2107"]
[PlyCount "92"]
[EventDate "2024.03.29"]

1. g4 d5 2. Bg2 c6 3. c4 dxc4 4. b3 c3 5. Nxc3 Bxg4 6. Bb2 e5 7. h3 Bf5 8. d3
Nf6 9. Nf3 Nbd7 10. O-O Bd6 11. e4 Bg6 12. Re1 O-O 13. d4 Re8 14. Qd2 exd4 15.
Nxd4 Nc5 16. Rad1 Qc7 17. b4 Ne6 18. a3 Nxd4 19. Qxd4 Be5 20. Qe3 Nh5 21. Qf3
Nf4 22. Rc1 Qe7 23. Rc2 Rad8 24. Bf1 Bh5 25. Qe3 Qh4 26. Ne2 Rd3 27. Bxe5 Rxe3
28. Bxf4 Rxe2 29. Bg3 Qxg3+ 30. fxg3 Rxe1 31. Rd2 R1xe4 32. Rd7 R4e7 33. Rd2
Bf3 34. g4 h5 35. gxh5 Bd5 36. Bd3 Re1+ 37. Kf2 Rh1 38. Kg3 Re3+ 39. Kf4 Rhxh3
40. Bf5 Ref3+ 41. Kg4 g6 42. hxg6 fxg6 43. Bc8 Rhg3+ 44. Kh4 g5+ 45. Kh5 Bf7+
46. Kh6 Rf6# 0-1

[Event "HSK Osteropen 2024"]
[Site "Hamburg"]
[Date "2024.03.29"]
[Round "1.11"]
[White "Stahl, Alexander"]
[Black "Magnussen, Helge"]
[Result "1/2-1/2"]
[WhiteElo "1710"]
[BlackElo "2084"]
[PlyCount "97"]
[EventDate "2024.03.29"]

1. d4 Nf6 2. Nf3 c5 3. d5 e6 4. c4 b5 5. Bg5 Bb7 6. Nc3 Qa5 7. Bxf6 gxf6 8. e3
b4 9. Ne4 Be7 10. Qd3 f5 11. Ned2 Bf6 12. Nb3 Qc7 13. Rb1 d6 14. Nbd2 Nd7 15.
e4 O-O-O 16. exf5 Rde8 17. Be2 exd5 18. cxd5 Ne5 19. Nxe5 Rxe5 20. Ne4 Rxd5 21.
Qh3 Bd4 22. O-O Re5 23. Ng3 f6 24. Bd3 Qe7 25. Nh5 Rg8 26. Nf4 Rg5 27. Kh1 Qg7
28. f3 Qe7 29. Ne6 Rg8 30. Nxd4 cxd4 31. Rbc1+ Kb8 32. Qh4 Re2 33. Bxe2 Qxe2
34. Qf2 d3 35. Qxe2 dxe2 36. Rfe1 Ba6 37. Kg1 Kb7 38. Kf2 d5 39. Rc5 d4 40. Rd5
d3 41. g3 Kc6 42. Rd4 Kc5 43. Ke3 Re8+ 44. Re4 Rd8 45. Kd2 Bb7 46. Re3 Ba6 47.
Re4 Bb7 48. Re3 Ba6 49. Re4 1/2-1/2

[Event "HSK Osteropen 2024"]
[Site "Hamburg"]
[Date "2024.03.29"]
[Round "1.12"]
[White "Günther, Patrick"]
[Black "Kellner, Anton"]
[Result "1-0"]
[WhiteElo "2023"]
[BlackElo "1690"]
[PlyCount "57"]
[EventDate "2024.03.29"]

1. Nf3 d5 2. d4 Nf6 3. c4 c6 4. e3 Bf5 5. Nc3 e6 6. Nh4 Bg6 7. Nxg6 hxg6 8. Bd2
Bd6 9. h3 Nbd7 10. Qc2 Rc8 11. c5 Bb8 12. b4 e5 13. Bd3 e4 14. Be2 Nh5 15. g4
Nhf6 16. Kf1 Nh7 17. b5 f5 18. bxc6 Rxc6 19. Nxd5 Nxc5 20. Bb5 Qxd5 21. Qxc5
Qxc5 22. dxc5 Ng5 23. Bxc6+ bxc6 24. Rb1 Kf7 25. gxf5 gxf5 26. Bc3 Ne6 27. Rb7+
Kg6 28. Rg1+ Kh5 29. Re7 1-0

[Event "HSK Osteropen 2024"]
[Site "Hamburg"]
[Date "2024.03.29"]
[Round "1.13"]
[White "Schacht, David"]
[Black "Mix, Clemens"]
[Result "1/2-1/2"]
[WhiteElo "1704"]
[BlackElo "2032"]
[PlyCount "107"]
[EventDate "2024.03.29"]

1. b3 e5 2. Bb2 Nc6 3. e3 Nf6 4. Bb5 Bd6 5. d3 O-O 6. Nd2 Ne7 7. d4 exd4 8.
Bxd4 Nf5 9. Ngf3 Nxd4 10. Nxd4 c5 11. N4f3 Bc7 12. O-O d5 13. Be2 Bf5 14. Nh4
Qd6 15. f4 Bd7 16. Ndf3 Rfe8 17. Ne5 Rxe5 18. fxe5 Qxe5 19. Nf3 Qxe3+ 20. Kh1
Re8 21. Bd3 Ng4 22. Qd2 Qxd2 23. Nxd2 Nxh2 24. Rfe1 Ng4 25. Rxe8+ Bxe8 26. Bf5
Nf6 27. g4 g6 28. g5 Nd7 29. Re1 Ne5 30. Nf3 Nxf3 31. Rxe8+ Kg7 32. Re7 Bb6 33.
Be6 Nxg5 34. Bxd5 Kf6 35. Re1 Ne6 36. Rf1+ Ke7 37. c4 Bc7 38. Bxb7 f5 39. Bd5
Kf6 40. Bxe6 Kxe6 41. Kg2 f4 42. Kf3 Kf5 43. Rh1 h5 44. Rh2 Bd8 45. Rd2 Bf6 46.
Rd5+ Be5 47. Rxc5 h4 48. Rc8 h3 49. Rf8+ Kg5 50. Re8 Bd4 51. Re2 Bg1 52. c5 h2
53. Rxh2 Bxc5 54. Rg2+ 1/2-1/2

[Event "HSK Osteropen 2024"]
[Site "Hamburg"]
[Date "2024.03.29"]
[Round "1.14"]
[White "Schell, Franz Jürgen"]
[Black "Grebita, Magnus"]
[Result "1-0"]
[WhiteElo "2029"]
[BlackElo "1701"]
[PlyCount "59"]
[EventDate "2024.03.29"]

1. c4 e6 2. g3 Nf6 3. Bg2 d5 4. Nf3 c6 5. b3 b6 6. Bb2 Nbd7 7. O-O Ba6 8. Qc2
Rc8 9. d3 Bb7 10. e4 Be7 11. e5 Ng4 12. h3 Nh6 13. g4 O-O 14. Qe2 Kh8 15. Nbd2
Ng8 16. Rfe1 Re8 17. Rad1 f6 18. Qe3 fxe5 19. Nxe5 Nxe5 20. Bxe5 Bf6 21. Nf3 c5
22. d4 Qe7 23. g5 Bxe5 24. Nxe5 cxd4 25. Rxd4 Rf8 26. cxd5 Bxd5 27. Bxd5 exd5
28. Rh4 Qe6 29. g6 h6 30. Nf7+ 1-0

[Event "HSK Osteropen 2024"]
[Site "Hamburg"]
[Date "2024.03.29"]
[Round "1.15"]
[White "Schranz, Patrick"]
[Black "Wenzel, Birger"]
[Result "0-1"]
[WhiteElo "1694"]
[BlackElo "2028"]
[PlyCount "58"]
[EventDate "2024.03.29"]

1. d4 Nf6 2. c4 e6 3. Nc3 Bb4 4. Bd2 c5 5. e3 cxd4 6. exd4 O-O 7. Nf3 Re8 8.
Bd3 d5 9. cxd5 exd5+ 10. Be3 Ng4 11. O-O Rxe3 12. fxe3 Nxe3 13. Qe2 Nxf1 14.
Rxf1 Be6 15. Ne5 Qh4 16. Nb5 Nc6 17. Nf3 Qe7 18. Qc2 h6 19. a3 Ba5 20. Nc3 Bb6
21. Ne2 Bg4 22. Qc3 Rc8 23. Qb3 Bxf3 24. Rxf3 Nxd4 25. Nxd4 Bxd4+ 26. Kh1 Rc1+
27. Rf1 Qe3 28. Bh7+ Kxh7 29. Qxe3 Rxf1+ 0-1

[Event "HSK Osteropen 2024"]
[Site "Hamburg"]
[Date "2024.03.29"]
[Round "1.16"]
[White "Debertshäuser, Jörn"]
[Black "Wokel, Justus"]
[Result "1-0"]
[WhiteElo "2010"]
[BlackElo "1694"]
[PlyCount "58"]
[EventDate "2024.03.29"]

1. e4 c5 2. c3 d5 3. exd5 Qxd5 4. d4 cxd4 5. cxd4 Nc6 6. Nf3 e6 7. Bd3 Nf6 8.
O-O Be7 9. Nc3 Qd8 10. a3 h6 11. Re1 O-O 12. Bc2 b6 13. Qd3 a5 14. Ne4 Nd5 15.
Nd6 f5 16. Nxc8 Qxc8 17. Qe2 Rf6 18. Ba4 Bd6 19. Bd2 Qb7 20. Rac1 Na7 21. Ne5
Bxe5 22. Qxe5 Rg6 23. g3 Qb8 24. Bb3 Qxe5 25. Rxe5 Rd8 26. a4 Nc8 27. Rc6 Kf7
28. Bxd5 exd5 29. Rxf5+ Rf6 1-0

[Event "HSK Osteropen 2024"]
[Site "Hamburg"]
[Date "2024.03.29"]
[Round "1.17"]
[White "Ibe, Justus"]
[Black "Atri, Jamshid"]
[Result "1/2-1/2"]
[WhiteElo "1691"]
[BlackElo "1996"]
[PlyCount "115"]
[EventDate "2024.03.29"]

1. d4 Nf6 2. c3 d5 3. e3 e6 4. f4 c5 5. Nf3 Nc6 6. Bd3 Bd6 7. O-O O-O 8. Ne5
Qb6 9. Nd2 cxd4 10. exd4 Bxe5 11. fxe5 Nxe5 12. Rxf6 gxf6 13. Nf3 Nxd3 14. Qxd3
e5 15. Nh4 Kh8 16. Bh6 e4 17. Qf1 Rg8 18. Nf5 Bxf5 19. Qxf5 Qe6 20. Rf1 Rg6 21.
Qh5 Rag8 22. g3 Qg4 23. Qxg4 Rxg4 24. Rf5 Rd8 25. Bf4 Kg7 26. h3 Rg6 27. Kf2
Kf8 28. Rh5 Kg7 29. Rf5 b5 30. Kg2 h6 31. h4 Rd7 32. h5 Rg5 33. Bxg5 fxg5 34.
Kf2 f6 35. g4 Kf7 36. Ke3 Ke6 37. Rf2 Rc7 38. a3 a5 39. Rc2 f5 40. gxf5+ Kxf5
41. Rf2+ Ke6 42. Rf8 b4 43. axb4 axb4 44. cxb4 Rb7 45. Rh8 Rxb4 46. Rxh6+ Kf5
47. Rd6 Rb3+ 48. Kd2 Rxb2+ 49. Kc3 Rh2 50. Rxd5+ Kf4 51. Rd8 Rxh5 52. Rf8+ Ke3
53. Rf5 Ke2 54. d5 e3 55. d6 Rh6 56. Rd5 Rh8 57. Rxg5 Rd8 58. Rg6 1/2-1/2

[Event "HSK Osteropen 2024"]
[Site "Hamburg"]
[Date "2024.03.29"]
[Round "1.18"]
[White "Streich, Justus"]
[Black "Marx, Jakob"]
[Result "1-0"]
[WhiteElo "1990"]
[BlackElo "1665"]
[PlyCount "55"]
[EventDate "2024.03.29"]

1. d4 Nf6 2. c4 g6 3. Nc3 Bg7 4. e4 d6 5. h3 O-O 6. Be3 Nfd7 7. g4 c5 8. Nf3
Nc6 9. d5 Nce5 10. Nxe5 Nxe5 11. f4 Nd7 12. Bd3 Qb6 13. Qd2 Qd8 14. O-O e6 15.
Kh1 exd5 16. cxd5 Nf6 17. Qg2 h5 18. g5 Ne8 19. Rae1 f6 20. gxf6 Qxf6 21. e5
Qh4 22. e6 Nf6 23. Bf2 Qxf4 24. Bxc5 Qh6 25. Bxd6 Re8 26. Bxg6 Rf8 27. Bxf8
Kxf8 28. e7+ 1-0

[Event "HSK Osteropen 2024"]
[Site "Hamburg"]
[Date "2024.03.29"]
[Round "1.19"]
[White "Rojas Albores, Graciela Iv"]
[Black "Rogozenco, Teodora"]
[Result "0-1"]
[WhiteElo "1653"]
[BlackElo "1985"]
[PlyCount "68"]
[EventDate "2024.03.29"]

1. e4 c5 2. Nf3 e6 3. Nc3 a6 4. d4 cxd4 5. Nxd4 b5 6. a3 Bb7 7. Bd3 Bc5 8. Be3
Qb6 9. Nce2 Nc6 10. c3 e5 11. Nf5 Bxe3 12. fxe3 Nce7 13. Nxe7 Nxe7 14. Qd2 O-O
15. O-O d5 16. Ng3 Rad8 17. Qe2 dxe4 18. Bxe4 Bxe4 19. Nxe4 Nd5 20. Rf3 f5 21.
Nf2 e4 22. Rh3 f4 23. Ng4 fxe3 24. Re1 Nf4 25. Qxe3 Nxh3+ 26. gxh3 Qxe3+ 27.
Nxe3 Rd2 28. Ng4 h5 29. Ne5 Rff2 30. Rxe4 Rg2+ 31. Kf1 Rdf2+ 32. Ke1 Rxb2 33.
Kf1 Rxh2 34. Nf3 Rhf2+ 0-1

[Event "HSK Osteropen 2024"]
[Site "Hamburg"]
[Date "2024.03.29"]
[Round "1.20"]
[White "Kohtz, Andreas"]
[Black "Queißer, Jens"]
[Result "1-0"]
[WhiteElo "1981"]
[BlackElo "1643"]
[PlyCount "51"]
[EventDate "2024.03.29"]

1. d4 Nf6 2. Bf4 e6 3. e3 Nc6 4. Nf3 Be7 5. h3 h6 6. Nbd2 d6 7. c3 Bd7 8. Bd3
Nd5 9. Bg3 f5 10. e4 Nb6 11. Qe2 Bf6 12. exf5 Qe7 13. fxe6 Bxe6 14. Bg6+ Kd7
15. O-O-O Raf8 16. Rhe1 Nd8 17. Kb1 Bf7 18. Qb5+ c6 19. Rxe7+ Bxe7 20. Qf5+ Be6
21. Qd3 Rf6 22. Bh4 Rxf3 23. Nxf3 Rf8 24. Bxe7 Kxe7 25. g4 Rxf3 26. Qxf3 1-0

[Event "HSK Osteropen 2024"]
[Site "Hamburg"]
[Date "2024.03.29"]
[Round "1.21"]
[White "Braren, Ove Neelis"]
[Black "Fabig, Holger"]
[Result "0-1"]
[WhiteElo "1635"]
[BlackElo "1980"]
[PlyCount "94"]
[EventDate "2024.03.29"]

1. e4 e6 2. d4 b6 3. Bd3 Bb7 4. Nf3 Nf6 5. Bg5 Be7 6. Nbd2 d5 7. e5 Nfd7 8.
Bxe7 Qxe7 9. c3 c5 10. Qe2 Nc6 11. Rc1 g5 12. h3 h5 13. b3 O-O-O 14. Kd1 Kb8
15. Bb5 Rc8 16. Bxc6 Rxc6 17. Kc2 g4 18. hxg4 cxd4 19. Nxd4 Rxc3+ 20. Kxc3 Qc5+
21. Kb2 Qxd4+ 22. Kb1 Nc5 23. Nf3 Qxg4 24. Rhg1 d4 25. Qd1 Rd8 26. Rc4 Qf5+ 27.
Ka1 d3 28. Re1 h4 29. Kb2 h3 30. Qd2 hxg2 31. Rd4 Rxd4 32. Nxd4 Qg4 33. Ne2 a5
34. Ng1 Qd4+ 35. Kb1 Ne4 36. Qe3 Qc3 37. Nf3 Qc2+ 38. Ka1 Nc3 39. Qd2 Bxf3 40.
Qxc2 dxc2 41. Kb2 Ne2 42. Kxc2 g1=Q 43. Rxg1 Nxg1 44. Kd2 Bd5 45. f4 Kc7 46.
Kc3 Ne2+ 47. Kd3 Nxf4+ 0-1

[Event "HSK Osteropen 2024"]
[Site "Hamburg"]
[Date "2024.03.29"]
[Round "1.22"]
[White "Schramm, Fynn"]
[Black "Ihlow, Florian"]
[Result "0-1"]
[WhiteElo "1959"]
[BlackElo "1604"]
[PlyCount "82"]
[EventDate "2024.03.29"]

1. e4 c6 2. Nf3 d5 3. exd5 cxd5 4. d4 Nc6 5. h3 Nf6 6. Bd3 Nb4 7. Bb5+ Bd7 8.
Bxd7+ Qxd7 9. c3 Nc6 10. Qd3 e6 11. Bf4 Bd6 12. Ne5 Qc7 13. O-O Nxe5 14. dxe5
Bxe5 15. Bxe5 Qxe5 16. Qb5+ Nd7 17. Qxb7 Qb8 18. Qc6 Qc8 19. Qa4 O-O 20. Nd2
Nb6 21. Qd4 Re8 22. Rfe1 Qc7 23. f4 Rac8 24. Rad1 Qc5 25. Nf3 Nc4 26. b3 Na3
27. Re2 Nb5 28. Qxc5 Rxc5 29. b4 Nxc3 30. bxc5 Nxe2+ 31. Kh2 Rc8 32. Rb1 f6 33.
Rb5 Nxf4 34. Nd4 e5 35. Nf5 Kf8 36. Nd6 Rc7 37. Rb8+ Ke7 38. Nf5+ Ke6 39. g4 g6
40. Re8+ Kd7 41. Re7+ Kd8 0-1

[Event "HSK Osteropen 2024"]
[Site "Hamburg"]
[Date "2024.03.29"]
[Round "1.23"]
[White "Hock, Reiner"]
[Black "Koop, Börge"]
[Result "0-1"]
[WhiteElo "1602"]
[BlackElo "1918"]
[PlyCount "104"]
[EventDate "2024.03.29"]

1. e4 e5 2. Nf3 Nc6 3. Bc4 Bc5 4. c3 Nf6 5. d4 exd4 6. cxd4 Bb4+ 7. Bd2 Bxd2+
8. Nbxd2 d5 9. exd5 Nxd5 10. O-O O-O 11. Ne5 Nxd4 12. Ndf3 Nxf3+ 13. Qxf3 c6
14. Rad1 Be6 15. Qb3 Qc7 16. Bxd5 Bxd5 17. Qc3 Rad8 18. a3 Rfe8 19. Rfe1 f6 20.
Nc4 Rxe1+ 21. Rxe1 Qf7 22. Ne3 Be6 23. Qc5 Qd7 24. Qc2 Qc7 25. b4 Rd4 26. Nf5
Bxf5 27. Qxf5 Qd7 28. Qf3 Rd3 29. Qe4 Rxa3 30. Qc4+ Qd5 31. Qe2 Qf7 32. h4 a5
33. b5 cxb5 34. Qxb5 h5 35. Re8+ Kh7 36. Rb8 Ra1+ 37. Kh2 Qc7+ 38. g3 Qxb8 39.
Qxh5+ Kg8 40. Qd5+ Kf8 41. Qc5+ Ke8 42. Qh5+ Ke7 43. Qh7 Kf7 44. Qh5+ Ke6 45.
Qg4+ Kd5 46. Qxg7 b5 47. Qxf6 Qe5 48. Qf3+ Qe4 49. Qf7+ Kc5 50. Qh5+ Kb4 51. g4
Rh1+ 52. Kg3 Rg1+ 0-1

[Event "HSK Osteropen 2024"]
[Site "Hamburg"]
[Date "2024.03.29"]
[Round "1.24"]
[White "Lehmkuhl, Stefan"]
[Black "Englert, Barbara"]
[Result "1-0"]
[WhiteElo "1900"]
[BlackElo "1537"]
[PlyCount "65"]
[EventDate "2024.03.29"]

1. d4 d5 2. c4 e6 3. Nc3 Nf6 4. cxd5 exd5 5. Bg5 Nbd7 6. e3 Bb4 7. Nge2 O-O 8.
a3 Be7 9. Rc1 Ne4 10. Bxe7 Qxe7 11. Nxd5 Qh4 12. g3 Qd8 13. Bg2 Nef6 14. Nxc7
Rb8 15. O-O Nb6 16. Nb5 a5 17. Nec3 Bd7 18. e4 Bxb5 19. Nxb5 Qd7 20. Qd3 Rfe8
21. Nc3 Rbc8 22. e5 Nfd5 23. Nxd5 Nxd5 24. Qb3 Ne7 25. d5 Rxc1 26. Rxc1 Nf5 27.
e6 fxe6 28. dxe6 Qxe6 29. Qxe6+ Rxe6 30. Bd5 Nd4 31. Bxe6+ Nxe6 32. Rc8+ Kf7
33. Rb8 1-0

[Event "HSK Osteropen 2024"]
[Site "Hamburg"]
[Date "2024.03.29"]
[Round "1.25"]
[White "Wang, Huanying"]
[Black "Knaak, Michael"]
[Result "0-1"]
[WhiteElo "1525"]
[BlackElo "1892"]
[PlyCount "57"]
[EventDate "2024.03.29"]

1. e4 Nf6 2. d3 e5 3. Nd2 d5 4. Nb3 dxe4 5. Bd2 exd3 6. cxd3 Nc6 7. Bc3 Bd6 8.
Nf3 O-O 9. Be2 Nd5 10. O-O Nf4 11. Kh1 f6 12. Rg1 Nxe2 13. Qxe2 Qe8 14. Nbd2
Be6 15. Ne4 Be7 16. Qd2 Qd7 17. b4 b6 18. Ne1 Bf5 19. Ng3 Bg6 20. Rf1 Rad8 21.
Rb1 Bxd3 22. Nxd3 Qxd3 23. Qb2 Rfe8 24. Kg1 Qg6 25. Qe2 Rd3 26. Qe1 Red8 27.
Ne4 Nd4 28. Bxd4 R3xd4 29. f3 0-1

[Event "HSK Osteropen 2024"]
[Site "Hamburg"]
[Date "2024.03.29"]
[Round "1.26"]
[White "Malchereck, Zion"]
[Black "Krüger, Dietrich"]
[Result "1-0"]
[WhiteElo "1891"]
[BlackElo "1500"]
[PlyCount "63"]
[EventDate "2024.03.29"]

1. e4 c6 2. d4 d5 3. e5 Bf5 4. h4 Qd7 5. Be2 h6 6. Nf3 e6 7. O-O Ne7 8. Nbd2 b6
9. Nb3 Qc7 10. Be3 Be4 11. Nbd2 Nd7 12. Nxe4 dxe4 13. Nd2 c5 14. Nxe4 Nf5 15.
c3 Be7 16. h5 f6 17. Bf4 O-O-O 18. Qb3 fxe5 19. dxe5 Qc6 20. Bf3 c4 21. Qc2 Qc7
22. Rfe1 Nxe5 23. Bxe5 Qxe5 24. Ng5 Qf6 25. Nxe6 Rd6 26. Bg4 g6 27. hxg6 Rxe6
28. Bxf5 Rf8 29. Rxe6 Qxf5 30. Qxf5 Rxf5 31. Rxe7 Rd5 32. g7 1-0

[Event "HSK Osteropen 2024"]
[Site "Hamburg"]
[Date "2024.03.29"]
[Round "2.1"]
[White "Woelk, Tom-Frederic"]
[Black "Kohtz, Andreas"]
[Result "1-0"]
[WhiteElo "2345"]
[BlackElo "1981"]
[PlyCount "39"]
[EventDate "2024.03.29"]

1. e4 Nf6 2. e5 Nd5 3. d4 d6 4. c4 Nb6 5. f4 dxe5 6. fxe5 c5 7. d5 e6 8. Nc3
exd5 9. cxd5 c4 10. d6 Nc6 11. Bf4 Bf5 12. Nf3 h6 13. Nb5 Rc8 14. Be2 Nd7 15.
Nc7+ Rxc7 16. dxc7 Bb4+ 17. Kf1 Qxc7 18. e6 Nde5 19. Nxe5 Nxe5 20. Bxe5 1-0

[Event "HSK Osteropen 2024"]
[Site "Hamburg"]
[Date "2024.03.29"]
[Round "2.2"]
[White "Rogozenco, Teodora"]
[Black "Popvasilev, Kaloyan"]
[Result "0-1"]
[WhiteElo "1985"]
[BlackElo "2226"]
[PlyCount "62"]
[EventDate "2024.03.29"]

1. d4 Nf6 2. c4 g6 3. Nc3 Bg7 4. e4 d6 5. f3 O-O 6. Be3 Na6 7. Qd2 c5 8. Nge2
cxd4 9. Nxd4 Nc5 10. Be2 Ne6 {(=)} 11. Nc2 Bd7 12. O-O h5 13. f4 Nc5 14. Bf3
Bc6 15. e5 Nfe4 16. Nxe4 Nxe4 17. Qd3 Nc5 18. Qa3 Bxf3 19. Rxf3 b6 20. Rd1 Nb7
21. f5 Bxe5 22. Bd4 Qc7 23. Bxe5 dxe5 24. fxg6 fxg6 25. Rg3 Kg7 26. Ne3 e6 27.
Qd3 Rf6 28. Qe4 Rd8 29. Rxd8 Nxd8 30. Qh4 Qc5 31. Qxh5 Qxe3+ 0-1

[Event "HSK Osteropen 2024"]
[Site "Hamburg"]
[Date "2024.03.29"]
[Round "2.3"]
[White "Holinka, Henning"]
[Black "Lehmkuhl, Stefan"]
[Result "1-0"]
[WhiteElo "2183"]
[BlackElo "1900"]
[PlyCount "73"]
[EventDate "2024.03.29"]

1. e4 d6 2. d4 Nf6 3. Nc3 c6 4. f4 Qa5 5. e5 dxe5 6. fxe5 Nd5 7. Bd2 Be6 8. Nf3
h6 9. Ne4 Qd8 10. c4 Nc7 11. Bd3 Bg4 12. Bc3 e6 13. O-O Nba6 14. Qa4 Be7 15.
Nd6+ Bxd6 16. exd6 Qxd6 17. Ne5 Bf5 18. c5 Qxe5 19. dxe5 Bxd3 20. Rf3 Bg6 21.
b4 O-O 22. h3 Nb5 23. Rd1 Nac7 24. Qb3 Be4 25. Rg3 Nd5 26. Bb2 a5 27. a4 Nbc7
28. Qc4 Bf5 29. b5 Nb4 30. Rd7 Rac8 31. b6 Nca6 32. Bc1 Bg6 33. Bxh6 Nd5 34.
Bg5 Nab4 35. Rxb7 Nc2 36. Ra7 f6 37. Bxf6 1-0

[Event "HSK Osteropen 2024"]
[Site "Hamburg"]
[Date "2024.03.29"]
[Round "2.4"]
[White "Fabig, Holger"]
[Black "Keyser, Robin"]
[Result "0-1"]
[WhiteElo "1980"]
[BlackElo "2149"]
[PlyCount "54"]
[EventDate "2024.03.29"]

1. e4 e6 2. d4 d5 3. Nd2 c5 4. Ngf3 cxd4 5. Nxd4 Nc6 6. Nxc6 bxc6 7. exd5 cxd5
8. Bb5+ Bd7 9. Qe2 Bxb5 10. Qxb5+ Qd7 11. Qxd7+ Kxd7 12. O-O Rc8 13. c4 dxc4
14. Rd1 Ke8 15. Nf3 Nf6 16. Be3 Bc5 17. Bxc5 Rxc5 18. Rac1 Ke7 19. b4 Rc7 20.
Ne5 Rb8 21. a3 c3 22. f4 a5 23. bxa5 Ra8 24. Rd3 Nd5 25. f5 Rxa5 26. fxe6 fxe6
27. Rf3 Rxa3 0-1